Obras de San Agustín (Registro nro. 78520)

Detalles MARC
000 -ENCABEZADO
Número de control [NR] 00867nam a2200253Ia 4500
008 - DE LONGITUD FIJA DE DATOS DE ELEMENTOS - INFORMACIÓN GENERAL
Elementos de longitud fija [NR] 130821s1959 sp gr spa
040 ## - FUENTE DE CATALOGACION [NR]
Agencia de catalogación original [NR] Co-BoUCM
Idioma de catalogación [NR] spa
041 00 - CODIGO DE IDIOMA [R]
Código de idioma para texto/pista de sonido o título separado [R] Español
100 1# - ASIENTO PRINCIPAL--NOMBRE PERSONAL [NR]
Nombre personal [NR] Agustín
Títulos u otras palabras asociadas al nombre [R] Santo
-- Obispo de Hipona
Fechas asociadas con el nombre [NR] 354-430.
ID Autoridad 935
245 10 - MENCION DE TITULO [NR]
Título [NR] Obras de San Agustín
Mención de responsabilidad, etc. [NR] San Agustin ; edición preparada por el Fr. Balbino Martín Perez
250 ## - MENCION DE EDICION [NR]
Mención de edición [NR] edición bilingue.
260 ## - PUBLICACION, DISTRIBUCION, ETC. (PIE DE IMPRENTA) [R]
Lugar de publicación, distribución, etc. [R] Madrid (España)
Nombre del editor, distribuidor, etc. [R] Católica
Fecha de publicación, distribución, etc. [R] 1959
300 ## - DESCRIPCION FISICA [R]
Extensión [R] 511 páginas (v. 18)
490 #0 - MENCION DE SERIE [R]
Mención de serie [R] Biblioteca de autores cristianos
500 ## - NOTA GENERAL [R]
Nota general [NR] Donación UCM-C-ARRAYANES.
500 ## - NOTA GENERAL [R]
Nota general [NR] Incluye índice.
650 ## - ASIENTO SECUNDARIO DE MATERIA - TERMINO TEMATICO [R]
Término temático o nombre geográfico como elemento de entrada [NR] Cristianismo
9 (RLIN) 12174
650 ## - ASIENTO SECUNDARIO DE MATERIA - TERMINO TEMATICO [R]
Término temático o nombre geográfico como elemento de entrada [NR] Filosofía
9 (RLIN) 75
650 ## - ASIENTO SECUNDARIO DE MATERIA - TERMINO TEMATICO [R]
Término temático o nombre geográfico como elemento de entrada [NR] Religión
9 (RLIN) 23497
650 ## - ASIENTO SECUNDARIO DE MATERIA - TERMINO TEMATICO [R]
Término temático o nombre geográfico como elemento de entrada [NR] Teología dogmática
9 (RLIN) 25234
700 1# - ASIENTO SECUNDARIO - NOMBRE PERSONAL [R]
Nombre personal [NR] Martín Perez, Balbino
Término de relación [R]
9 (RLIN) 170014
942 ## - ELEMENTOS DE ENTRADA AGREGADOS (KOHA)
Tipo de ítem principal el descrito en 300a Libro
Tema principal Religión
Edición 1
Parte restante de la signatura top. A284s
Sistema de clasificación DEWEY
Clasificación 189.2
Existencias
Fecha de último préstamo Total préstamos Signatura topográfica Código de barras Última vez visto Volúmen / Fascículo Ejemplar Price effective from Tipo de ítem Perdido Sistema de clasificación Dañado No prestable Tipo de ítem específico Suprimido Ubicación habitual Ubicación actual Localización Fecha de creación Forma de adquisición Costo
24/03/2017 2 189.2 A284s 100117893 05/12/2025 V.18 Ej.1 03/02/2013 Libro   DEWEY     Libro   Claustro Claustro 2do piso 30/09/2011 Donación 26000.00